[Event "Recklinghausen op 13th"]
[Site "Recklinghausen"]
[Date "2002.08.22"]
[Round "6"]
[White "Jungbluth, Rolf"]
[Black "Koscielski, Janusch"]
[Result "1-0"]
[WhiteElo "2153"]
[BlackElo "2287"]
[PlyCount "111"]
[EventDate "2002.08.19"]
[EventType "swiss"]
[EventRounds "9"]
[EventCountry "GER"]
[SourceTitle "CBM 089 Extra"]
[Source "ChessBase"]
[SourceDate "2002.09.10"]
[SourceVersion "2"]
[SourceVersionDate "2002.09.10"]
[SourceQuality "1"]

1. c4 c5 2. Nc3 g6 3. e4 Bg7 4. g3 Nc6 5. Bg2 Nf6 6. Nge2 0-0 7. 0-0 Ne8 8. d3 Nc7 9. Be3 Ne6 10. Qd2 Ned4 11. Rab1 a5 12. f4 d6 13. h3 f5 14. exf5 gxf5 15. Bf2 Rb8 16. Nxd4 Nxd4 17. Rfe1 Bd7 18. Ne2 b5 19. Nxd4 cxd4 20. Bd5+ Kh8 21. b4 axb4 22. Qxb4 bxc4 23. Qxc4 e5 24. Qa6 Qc7 25. Rbc1 Qb6 26. Qxb6 Rxb6 27. Rc7 Bb5 28. Rb1 Rfb8 29. a4 Ba6 30. Rxb6 Rxb6 31. g4 Rb8 32. Bc4 Bxc4 33. Rxc4 h6 34. a5 Rb1+ 35. Kg2 Ra1 36. gxf5 Rxa5 37. Kf3 d5 38. Rc8+ Kh7 39. fxe5 Bxe5 40. Re8 Bf6 41. Rb8 Ra3 42. Rb7+ Kg8 43. Kg4 Rxd3 44. Kh5 Ra3 45. Kg6 Be5 46. f6 Ra6 47. Bh4 Ra8 48. Rd7 d3 49. Rxd5 Bb2 50. Rxd3 h5 51. Re3 Rf8 52. Re7 Ra8 53. Bg5 h4 54. Bh6 Ba3 55. f7+ Kh8 56. Bg7# 1-0

[Event "Recklinghausen op 13th"]
[Site "Recklinghausen"]
[Date "2002.08.20"]
[Round "4"]
[White "Jungbluth, Rolf"]
[Black "Alekseev, Vadim"]
[Result "1/2-1/2"]
[WhiteElo "2153"]
[BlackElo "2407"]
[PlyCount "54"]
[EventDate "2002.08.19"]
[EventType "swiss"]
[EventRounds "9"]
[EventCountry "GER"]
[SourceTitle "CBM 089 Extra"]
[Source "ChessBase"]
[SourceDate "2002.09.10"]
[SourceVersion "2"]
[SourceVersionDate "2002.09.10"]
[SourceQuality "1"]

1. c4 e5 2. Nc3 Nc6 3. g3 f5 4. Bg2 Nf6 5. d3 Bb4 6. Bd2 0-0 7. e3 Bxc3 8. Bxc3 d6 9. Ne2 Qe8 10. Qc2 Bd7 11. b4 Rb8 12. d4 e4 13. a4 Ne7 14. b5 Kh8 15. h4 Rc8 16. Nf4 Nh5 17. Nxh5 Qxh5 18. d5 h6 19. Qb2 Qf7 20. Bd4 Ra8 21. Bf1 Ng6 22. h5 Ne7 23. Be2 Ng8 24. a5 Qe7 25. a6 b6 26. 0-0-0 Nf6 27. Bxf6 Rxf6 1/2-1/2